Poverty, inequality and growth in developing countries : (Record no. 173285)

000 -LEADER
fixed length control field 02540cam a2200397 i 4500
001 - CONTROL NUMBER
control field 18413362
003 - CONTROL NUMBER IDENTIFIER
control field Nust
005 - DATE AND TIME OF LATEST TRANSACTION
control field 20180117090021.0
008 - FIXED-LENGTH DATA ELEMENTS--GENERAL INFORMATION
fixed length control field 141222s2015 nyu 000 0 eng
010 ## - LIBRARY OF CONGRESS CONTROL NUMBER
LC control number 2014046582
020 ## - INTERNATIONAL STANDARD BOOK NUMBER
International Standard Book Number 9781138023260 (hardback)
020 ## - INTERNATIONAL STANDARD BOOK NUMBER
Canceled/invalid ISBN 9781315696058 (ebook)
040 ## - CATALOGING SOURCE
Original cataloging agency DLC
Language of cataloging eng
Transcribing agency DLC
Description conventions rda
Modifying agency DLC
042 ## - AUTHENTICATION CODE
Authentication code pcc
043 ## - GEOGRAPHIC AREA CODE
Geographic area code d------
050 00 - LIBRARY OF CONGRESS CALL NUMBER
Classification number HC59.72.P6
Item number P6834 2015
082 00 - DEWEY DECIMAL CLASSIFICATION NUMBER
Classification number 339.4/6091724
Edition number 23
245 00 - TITLE STATEMENT
Title Poverty, inequality and growth in developing countries :
Remainder of title theoretical and empirical approaches /
Statement of responsibility, etc. edited by Atsushi Maki.
250 ## - EDITION STATEMENT
Edition statement 1 Edition.
264 #1 - PRODUCTION, PUBLICATION, DISTRIBUTION, MANUFACTURE, AND COPYRIGHT NOTICE
Place of production, publication, distribution, manufacture New York :
Name of producer, publisher, distributor, manufacturer Routledge, Taylor & Francis Group,
Date of production, publication, distribution, manufacture, or copyright notice 2015.
300 ## - PHYSICAL DESCRIPTION
Extent xxii, 248 pages ;
Dimensions 24 cm.
336 ## - CONTENT TYPE
Content type term text
Source rdacontent
337 ## - MEDIA TYPE
Media type term unmediated
Source rdamedia
338 ## - CARRIER TYPE
Carrier type term volume
Source rdacarrier
490 0# - SERIES STATEMENT
Series statement Routledge studies in the modern world economy
505 0# - FORMATTED CONTENTS NOTE
Formatted contents note Introduction / Atsushi Maki -- Are luxury goods really luxuries? : the validity of the Törnqvist-wold's hypothesis / Atsushi Maki and Mlemba Abassy Kamwe -- Engel's law in Vietnam and the Philippines : effects of in-kind consumption on inequality and poverty / Atsushi Maki and Satoshi Ohira -- Informal agriculture sector in Indonesia : big in size, small in contribution, and high working poverty rate / Kadarmanto -- Effects of remittances on income inequality and poverty in the Philippines / Satoshi Ohira and Karen Villaquer Firshan -- Area disparity of income and expenditure in Sri Lanka : based on micro data sets of household income and expenditure survey of 2006/07 / Yasumasa Baba, Yuko Arai, Hiroko Yasui and Kaori Yonezawa -- The agricultural sector in Thailand's middle-income stage / Satoshi Ohira and Atsushi Maki -- The possibility of a border economic zone : Asian golden quadrangle / Satoko Okuyama -- Development of the fishery systems in modern Taiwan / Nobutake Koiwa -- Conclusion / Atsushi Maki.
650 #0 - SUBJECT ADDED ENTRY--TOPICAL TERM
Topical term or geographic name entry element Poverty
Geographic subdivision Developing countries.
650 #0 - SUBJECT ADDED ENTRY--TOPICAL TERM
Topical term or geographic name entry element Equality
Geographic subdivision Developing countries.
650 #0 - SUBJECT ADDED ENTRY--TOPICAL TERM
Topical term or geographic name entry element Urbanization
Geographic subdivision Developing countries.
651 #0 - SUBJECT ADDED ENTRY--GEOGRAPHIC NAME
Geographic name Developing countries
General subdivision Economic conditions
Chronological subdivision 21st century.
700 1# - ADDED ENTRY--PERSONAL NAME
Personal name Maki, Atsushi,
Dates associated with a name 1948-
Relator term editor.
906 ## - LOCAL DATA ELEMENT F, LDF (RLIN)
a 7
b cbc
c orignew
d 1
e ecip
f 20
g y-gencatlg
942 ## - ADDED ENTRY ELEMENTS (KOHA)
Source of classification or shelving scheme
Koha item type Book
Holdings
Withdrawn status Lost status Source of classification or shelving scheme Damaged status Not for loan Collection code Permanent Location Current Location Shelving location Date acquired Total Checkouts Total Renewals Full call number Barcode Date last seen Date last checked out Price effective from Koha item type
            Central Library (CL) Central Library (CL) General Stacks 01/21/2017 1 1 339.4/6091724 POV S3H-S-869 01/30/2026 03/06/2021 01/21/2017 Book
© 2023 Central Library, National University of Sciences and Technology. All Rights Reserved.